All 1M K Cities on a Map - Statistics

General Stats
  • This quiz has been taken 228 times
  • The average score is 18 of 35
Answers on the Map
Answers color-coded by a green-red scale on the quiz's map according to % correct below.
 
Answer Stats
City % Correct
Kiev
95%
Kinshasa
94%
Kansas City
92%
Khartoum
90%
Kuwait City
88%
Karāchi
85%
Kabul
84%
Kampala
84%
Kolkata
83%
Kuala Lumpur
82%
Kigali
80%
Kano
73%
Kharkiv
72%
Kathmandu
70%
Katowice
63%
Kazan'
52%
Kunming
50%
Kumasi
48%
Kaohsiung
40%
Kanpur
35%
Konya
35%
Kirkūk
32%
Kochi
27%
Kaduna
26%
Kisangani
26%
Kitakyūshū
25%
Kayseri
24%
Kananga
19%
Khulna
17%
Kumamoto
16%
Kotā
13%
Kozhikode
13%
Kaifeng
11%
Karawang
5%
Krasnojarsk
4%
No matching quizzes found
Score Distribution
Percent of People with Each Score
Percentile by Number Answered
Your Score History
You have not taken this quiz